000 01015nam a22002655i 4500
001 160595
003 ES-MaACL
005 20250804062754.0
008 040929s1898 fr |||| | fre d
040 _aCAM
_bspa
_cCAM
100 1 _aNaville, Ernest,
_d1816-1909
_985233
245 1 3 _aLe libre arbitre
_b: étude philosophique /
_cpar Ernest Naville.
250 _a2e éd. rev. et corr.
260 _aBale et Genève :
_bGeorg & C., éditeurs ;
_aParis :
_bFélix Alcan, éditeur,
_c1898 (
_eGenève :
_fImprimerie W. Kündig & Fils)
300 _aXIII, 311, [2] p. ;
_c23 cm.
490 1 _aBibliothèque de philosophie contemporaine
598 _aDato de serie consta en la cub.
650 0 4 _aLibre albedrío.
_914421
650 0 7 _aFilosofía
_2embne
_912802
752 _aSuiza -
_cBâle
752 _aSuiza -
_cGinebra
830 0 _aBibliothèque de philosophie contemporaine
_9181027
852 _aES-MaACL
_jB-6882
_z-- Enc. hol., conservando la cub. original
999 _c160595
_d160595